LEADER 01245nam a2200325 i 4500 001 991004021049707536 008 030225s2002 de a b 001 0 eng d 020 $a3540435956 035 $ab11899505-39ule_inst 040 $aDip.to Matematica$beng 082 0 $a515.53$221 084 $aAMS 43A45 084 $aAMS 22D25 084 $aLC QA3.L28 100 1 $aChu, Cho-Ho$066924 245 10$aHarmonic functions on groups and Fourier algebras /$cCho-Ho Chu, Anthony To-Ming Lau 260 $aBerlin :$bSpringer,$cc2002 300 $a100 p. :$bill. ;$c24 cm 490 0 $aLecture notes in mathematics,$x0075-8434 ;$v1782 504 $aIncludes bibliographical references (p. [90]-97) and index 650 0$aHarmonic functions 650 0$aLocally compact groups 650 0$aBanach algebras 700 1 $aLau, Anthony To-Ming$eauthor$4http://id.loc.gov/vocabulary/relators/aut$061236 907 $a.b11899505$b28-04-17$c25-02-03 912 $a991004021049707536 945 $aLE013 43A CHU11 (2002)$g1$i2013000136653$lle013$op$pE11.30$q-$rl$s- $t0$u0$v0$w0$x0$y.i12162188$z25-02-03 996 $aHarmonic functions on groups and Fourier algebras$91424837 997 $aUNISALENTO 998 $ale013$b25-02-03$cm$da $e-$feng$gde $h0$i1 LEADER 03659nam 2200433 450 001 9910816965203321 005 20180424234415.0 010 $a1-78320-636-5 010 $a1-78320-635-7 035 $a(CKB)3710000001151491 035 $a(MiAaPQ)EBC4838183 035 $a(EXLCZ)993710000001151491 100 $a20170426h20172017 uy 0 101 0 $aeng 135 $aurcnu|||||||| 181 $2rdacontent 182 $2rdamedia 183 $2rdacarrier 200 10$aActivist film festivals $etowards a political subject /$fSonia Tasco?n and Tyson Wils 210 1$aBristol, [England] ;$aChicago, [Illinois] :$cIntellect,$d2017. 210 4$dİ2017 215 $a1 online resource (258 pages) $cillustrations, tables 311 $a1-78320-634-9 327 $gSection 1: Film festivals as platform.$tWatching others' troubles : revisiting "the film act" and spectatorship in activist film festivals /$rSonia Tasco?n ;$tOff-screen activism and the documentary film screening /$rLyell Davies ;$tITVS (Independent Television Service) community cinema : state sponsored documentary film festivals, community engagement and pedagogy /$tToma?s F. Crowder-Taraborrelli and Kristi Wilson --$gSection 2: Contextual and institutional forces.$tThe revolution will not be festivalized : documentary film festivals and activism /$rEzra Winton and Svetla Turnin ;$tHuman rights film festivals : different approaches to change the world /$rMatthea de Jong and Daan Bronkhorst ;$tRefusal to know the place of human rights : dissensus and the Human Rights Arts and Film Festival /$rTyson Wils --$gNational and regional perspectives.$tBristol Palestine Film Festival : engaging the inactive, the aroused and the aware /$rDavid Owen ;$tReframing the margin : regional film festivals in India, a case study of the cinema of resistance /$rShweta Kishore ;$t"It's not just about the films" : activist film festivals in post-new order Indonesia /$rAlexandra Crosby --$gIdentity politics.$tImagineNATIVE Film + Media Arts Festival : collaborative criticism through curatorship /$rDavinia Thornley ;$tDisability film festivals : biological identity(ies) and heterotopia /$rAna Cristina Bohrer Gilbert ;$t"Would you like politics with that?" : queer film festival audiences as political consumers /$rStuart Richards. 330 8 $aFilm festivals are an ever-growing part of the film industry, but most considerations of them focus almost entirely on their role in the business of filmmaking. This book breaks new ground by bringing scholars from a range of disciplines together with industry professionals to explore the concept of festivals as spaces through an activist lens, as spaces where the sociopolitical identities of communities and individuals are confronted and shaped. Tracing the growth of activist and human rights-focused films from the 1970s to the present, and using case studies from San Francisco, Brazil, Bristol, and elsewhere, the book addresses such contentious topics as whether activist films can achieve humanitarian aims or simply offer "cinema of suffering." Ultimately, the contributors attack the question of just how effective festivals are at producing politically engaged spectators? 606 $aPolitics in motion pictures 606 $aPolitical participation 615 0$aPolitics in motion pictures. 615 0$aPolitical participation. 676 $a791.43658 700 $aTasco?n$b Sonia$01609861 702 $aWils$b Tyson 801 0$bMiAaPQ 801 1$bMiAaPQ 801 2$bMiAaPQ 906 $aBOOK 912 $a9910816965203321 996 $aActivist film festivals$93937318 997 $aUNINA